| 000 | 00993nam a22002897a 4500 | ||
|---|---|---|---|
| 001 | BR7600722 | ||
| 003 | BR-BrBNA | ||
| 005 | 20230928084909.0 | ||
| 007 | ta | ||
| 008 | 230509b bl.||||| |||| 00| 0 por d | ||
| 040 |
_aBR-BrBNA _bpor _cBiblioteca Nacional de Agricultura |
||
| 041 | _a(Por) | ||
| 072 |
_aF23 _b/G514 |
||
| 090 | _ F23 BR7600722 | ||
| 100 | 1 | _aAloisi, R.R. | |
| 110 | 1 |
_aEscola Superior de Agricultura Luiz de Queiroz, Piracicaba, SP (Brasil) _0Dissertacao (Mestre) |
|
| 245 | 1 | _aMineralogia da fracao argila de solos do municipio de Jaboticabal [Sao Paulo; Brasil] | |
| 260 | 3 |
_aPiracicaba, SP (Brasil): _c1975. |
|
| 300 | _a70 p. | ||
| 500 | _a6 illus.; 19 graphs; 7 tables; 48 ref.; Summaries (Eng, Por). (*) Documento disponível na(o) Escola Superior de Agricultura Luiz de Queiroz, Piracicaba, SP (Brazil) | ||
| 650 | _aSOLO | ||
| 650 | _aMINERALOGIA | ||
| 650 | _aARGILA | ||
| 650 | _aSAO PAULO | ||
| 909 |
_a202309 _bLucia _c55 _dLucia Elande |
||
| 942 | _cBK | ||
| 999 |
_c21741 _d21741 |
||